000
00188 a2200097 4500
020
_a
9780778325680
041
_a
eng
100
_a
Macomber debbie
245
_a
Promise texas
942
_c
BK
999
_c
10942
_d
10942